[Event "SVK-chT2C 2223"]
[Site "Slovakia"]
[Date "2023.03.26"]
[Round "11.8"]
[White "Piovar, Jaroslav"]
[Black "Torma, Viliam"]
[Result "1/2-1/2"]
[WhiteElo "1642"]
[BlackElo "1389"]
[PlyCount "96"]
[EventDate "2022.10.08"]
[EventType "team-tourn"]
[EventRounds "11"]
[EventCountry "SVK"]
[SourceTitle "EXT 2024"]
[Source "ChessBase"]
[SourceDate "2023.10.10"]
[SourceVersion "1"]
[SourceVersionDate "2023.10.10"]
[SourceQuality "1"]
[WhiteTeam "Zilina Mladost III"]
[BlackTeam "Vinica"]
[WhiteTeamCountry "SVK"]
[BlackTeamCountry "SVK"]

1. d4 e6 2. c4 Nf6 3. Nf3 h6 4. Nc3 a6 5. e3 Bb4 6. Qc2 d5 7. a3 Bxc3+ 8. Qxc3 Nc6 9. Bd3 dxc4 10. Bxc4 Nd5 11. Qc2 Bd7 12. 0-0 Na5 13. Ba2 b6 14. Ne5 Rc8 15. Nxd7 Qxd7 16. b4 Nb7 17. Bd2 c5 18. bxc5 bxc5 19. Rac1 0-0 20. Bb1 g6 21. Qd1 cxd4 22. exd4 Rxc1 23. Qxc1 Rc8 24. Qe1 Kh7 25. h4 Nd6 26. h5 Nf5 27. hxg6+ fxg6 28. Qe4 Nf6 29. Qe5 Ng4 30. Qe4 Nf6 31. Qe5 Ng4 32. Qe2 Nf6 33. Qxa6 Nxd4 34. Be3 Nf5 35. Bxf5 gxf5 36. Rb1 Kg6 37. a4 Rc6 38. Qe2 Ng4 39. Rd1 Qc7 40. g3 Nxe3 41. Qxe3 Rd6 42. Rxd6 Qxd6 43. Qa7 Qd1+ 44. Kg2 Qd5+ 45. Kg1 Qd1+ 46. Kg2 Qd5+ 47. Kg1 Qd1+ 48. Kg2 Qd5+ 1/2-1/2

[Event "Levice Toth Memorial"]
[Site "Levice"]
[Date "2019.08.03"]
[Round "5"]
[White "Piovar, Jaroslav"]
[Black "Sokol, Eduard"]
[Result "1-0"]
[WhiteElo "1548"]
[BlackElo "1591"]
[PlyCount "109"]
[EventDate "2019.08.01"]
[EventType "swiss"]
[EventRounds "7"]
[EventCountry "SVK"]
[SourceTitle "EXT 2020"]
[Source "ChessBase"]
[SourceDate "2019.10.17"]
[SourceVersion "1"]
[SourceVersionDate "2019.10.17"]
[SourceQuality "1"]

1. d4 Nf6 2. c4 g6 3. Nc3 Bg7 4. e4 d6 5. f4 0-0 6. Nf3 Bg4 7. d5 c5 8. Be2 Na6 9. 0-0 Nc7 10. h3 Bd7 11. e5 dxe5 12. fxe5 Nfe8 13. Bf4 f6 14. e6 Bc8 15. Qd2 Nd6 16. Bh6 Nce8 17. Bxg7 Kxg7 18. Rad1 a6 19. Nh2 Nf5 20. Rxf5 gxf5 21. Bh5 Nd6 22. Qf4 Rg8 23. Ne2 b5 24. b3 Qf8 25. Ng3 Kh8 26. Nxf5 Nxf5 27. Qxf5 Rg5 28. Qf3 Qg7 29. Bf7 Rb8 30. Rd2 Re5 31. Qf2 f5 32. Qxc5 Re1+ 33. Nf1 Qa1 34. Rf2 Qf6 35. Qc7 Qe5 36. Qxe7 Bb7 37. Qg5 bxc4 38. bxc4 Ba8 39. Qxf5 Qxf5 40. Rxf5 Re2 41. Rf2 Re4 42. Rc2 Kg7 43. Kf2 Rf4+ 44. Ke2 a5 45. Ne3 Rb7 46. Kd3 Re7 47. c5 Bb7 48. d6 Be4+ 49. Ke2 Rexf7 50. exf7 Bxc2 51. Nxc2 Rxf7 52. c6 Rf6 53. d7 Re6+ 54. Kd3 Rd6+ 55. Nd4 1-0

[Event "Levice Toth Memorial"]
[Site "Levice"]
[Date "2019.08.02"]
[Round "3"]
[White "Piovar, Jaroslav"]
[Black "Mederlyova, Beata"]
[Result "1-0"]
[WhiteElo "1548"]
[BlackElo "1206"]
[PlyCount "139"]
[EventDate "2019.08.01"]
[EventType "swiss"]
[EventRounds "7"]
[EventCountry "SVK"]
[SourceTitle "EXT 2020"]
[Source "ChessBase"]
[SourceDate "2019.10.17"]
[SourceVersion "1"]
[SourceVersionDate "2019.10.17"]
[SourceQuality "1"]

1. d4 Nf6 2. c4 g6 3. Nc3 Bg7 4. e4 d6 5. f4 e5 6. dxe5 dxe5 7. Qxd8+ Kxd8 8. fxe5 Nfd7 9. Bg5+ Ke8 10. Nf3 Nc6 11. Nd5 Kf8 12. Nxc7 Rb8 13. 0-0-0 Ncxe5 14. Nxe5 Bxe5 15. Bh6+ Ke7 16. Nd5+ Ke8 17. Bf4 Bxf4+ 18. Nxf4 b6 19. Nd5 Bb7 20. Be2 Kf8 21. Rhf1 Kg7 22. Kb1 Rhe8 23. Bd3 Rbd8 24. h4 Nc5 25. Rf4 Nxd3 26. Rxd3 Bxd5 27. cxd5 Rc8 28. Rc3 Rcd8 29. Rc7 Rf8 30. Kc2 Rc8 31. d6 Rxc7+ 32. dxc7 Rc8 33. Kb3 Rxc7 34. g4 Rc5 35. Rf3 a5 36. Rd3 b5 37. Rc3 Rxc3+ 38. Kxc3 Kf6 39. Kd4 g5 40. h5 Ke6 41. e5 h6 42. b3 b4 43. Ke4 f6 44. exf6 Kxf6 45. Kd5 Ke7 46. Ke5 Kf7 47. Kf5 Kg7 48. Ke6 Kf8 49. Kf6 Ke8 50. Kg6 Kf8 51. Kxh6 Kg8 52. Kxg5 Kh7 53. h6 Kg8 54. Kf6 Kh7 55. g5 a4 56. bxa4 b3 57. axb3 Kg8 58. a5 Kf8 59. a6 Ke8 60. h7 Kd7 61. h8Q Kc7 62. g6 Kb6 63. g7 Kxa6 64. Qh5 Kb6 65. g8R Ka6 66. Qe5 Kb6 67. Rg6 Kb7 68. Kf5 Kc8 69. Qe7 Kb8 70. Rg8# 1-0

[Event "Levice Toth Memorial"]
[Site "Levice"]
[Date "2019.08.01"]
[Round "1"]
[White "Piovar, Jaroslav"]
[Black "Kalisky, Vladimir"]
[Result "0-1"]
[WhiteElo "1548"]
[BlackElo "2179"]
[PlyCount "46"]
[EventDate "2019.08.01"]
[EventType "swiss"]
[EventRounds "7"]
[EventCountry "SVK"]
[SourceTitle "EXT 2020"]
[Source "ChessBase"]
[SourceDate "2019.10.17"]
[SourceVersion "1"]
[SourceVersionDate "2019.10.17"]
[SourceQuality "1"]

1. d4 d5 2. e4 dxe4 3. Nc3 Nf6 4. f3 exf3 5. Nxf3 a6 6. Bc4 e6 7. Bg5 Be7 8. 0-0 0-0 9. Qe1 c5 10. dxc5 Qc7 11. Qh4 h6 12. Bxf6 Bxf6 13. Qf2 Bxc3 14. bxc3 Nd7 15. Qe2 Nxc5 16. Ne5 b5 17. Bd3 Bb7 18. Ng4 Nxd3 19. cxd3 Qxc3 20. Qe3 Rad8 21. Nxh6+ gxh6 22. Rac1 Qd4 23. Qxd4 Rxd4 0-1

[Event "Oravska Priehrada op"]
[Site "Oravska Priehrada"]
[Date "2016.08.29"]
[Round "6"]
[White "Piovar, Jaroslav"]
[Black "Salva, Vladimir"]
[Result "0-1"]
[WhiteElo "1609"]
[BlackElo "1560"]
[PlyCount "84"]
[EventDate "2016.08.26"]
[EventType "swiss"]
[EventRounds "7"]
[EventCountry "SVK"]
[SourceTitle "CBM 174 Extra"]
[Source "ChessBase"]
[SourceDate "2016.10.10"]
[SourceVersion "1"]
[SourceVersionDate "2016.10.10"]
[SourceQuality "1"]

1. d4 g6 2. c4 Bg7 3. Nc3 c5 4. d5 d6 5. e4 Nf6 6. f4 Bg4 7. Be2 Bxe2 8. Qxe2 0-0 9. Nf3 Nbd7 10. 0-0 Re8 11. Re1 e6 12. Qd1 exd5 13. cxd5 a6 14. a4 Ng4 15. h3 Nh6 16. e5 dxe5 17. fxe5 Nf5 18. e6 fxe6 19. d6 Nd4 20. Bg5 Nxf3+ 21. Qxf3 Qxg5 22. Ne4 Qf5 23. Qb3 b6 24. Ng3 Bd4+ 25. Kh1 Qd5 26. Ra3 Qxd6 27. Ne4 Qd5 28. Qc2 Rf8 29. Rd3 e5 30. b3 Nf6 31. Ng5 Nh5 32. Ne4 Rf4 33. Nc3 Qb7 34. Nd1 Raf8 35. Qc4+ Qf7 36. Qxf7+ R8xf7 37. Ne3 Rf2 38. Ng4 Rf1+ 39. Rxf1 Rxf1+ 40. Kh2 e4 41. Rd2 Bg1+ 42. Kh1 Ng3# 0-1

[Event "Oravska Priehrada op"]
[Site "Oravska Priehrada"]
[Date "2016.08.28"]
[Round "5"]
[White "Piovar, Jaroslav"]
[Black "Liska, Jaroslav"]
[Result "0-1"]
[WhiteElo "1609"]
[BlackElo "1886"]
[PlyCount "70"]
[EventDate "2016.08.26"]
[EventType "swiss"]
[EventRounds "7"]
[EventCountry "SVK"]
[SourceTitle "CBM 174 Extra"]
[Source "ChessBase"]
[SourceDate "2016.10.10"]
[SourceVersion "1"]
[SourceVersionDate "2016.10.10"]
[SourceQuality "1"]

1. d4 d5 2. c4 c6 3. Nf3 Nf6 4. Nc3 e6 5. e3 Bd6 6. Bd3 Nbd7 7. 0-0 0-0 8. Re1 e5 9. dxe5 Nxe5 10. Nxe5 Bxe5 11. Qc2 Be6 12. b3 Ng4 13. h3 Nxf2 14. Bxh7+ Kh8 15. Bb2 Nxh3+ 16. gxh3 Bxh3 17. Na4 Qg5+ 18. Kh1 Bxb2 19. Nxb2 g6 20. Rg1 Bg4 21. Rxg4 Qxg4 22. Qh2 Qf3+ 23. Kg1 Qxe3+ 24. Kf1 Kg7 25. Re1 Qf3+ 26. Kg1 Rh8 27. Re2 Rxh7 28. Qe5+ Kg8 29. Rg2 Qe4 30. Qg3 Qb1+ 31. Kf2 Qxb2+ 32. Kg1 Qc1+ 33. Kf2 Re8 34. Qd3 Qe1+ 35. Kf3 Rh3+ 0-1

[Event "Zilina-ch"]
[Site "Zilina"]
[Date "2014.05.10"]
[Round "3"]
[White "Piovar, Jaroslav"]
[Black "Masarik, Roman"]
[Result "0-1"]
[WhiteElo "1563"]
[BlackElo "1867"]
[PlyCount "102"]
[EventDate "2014.05.09"]
[EventType "swiss"]
[EventRounds "6"]
[EventCountry "SVK"]
[SourceTitle "CBM 160 Extra"]
[Source "ChessBase"]
[SourceDate "2014.07.01"]
[SourceVersion "1"]
[SourceVersionDate "2014.07.01"]
[SourceQuality "1"]

1. d4 d5 2. c4 c6 3. Nf3 dxc4 4. a4 f6 5. e4 Be6 6. Nc3 Qc7 7. Be3 a6 8. a5 Nd7 9. Be2 g6 10. 0-0 Nh6 11. Nd2 b5 12. axb6 Nxb6 13. f4 Bg7 14. Rf2 f5 15. e5 0-0 16. Nf3 Ng4 17. Qd2 Nxf2 18. Bxf2 h6 19. Nh4 Kh7 20. Qe3 Rg8 21. Nf3 Bf8 22. h4 Qd7 23. Nd2 h5 24. Nf3 Bh6 25. Qd2 Nd5 26. g3 Nb6 27. Nd1 Bd5 28. Ne1 Rgb8 29. Qa5 e6 30. Qc5 Bf8 31. Qa5 Nc8 32. Qa4 Rb4 33. Qc2 Be4 34. Qd2 Nb6 35. Nf3 a5 36. Ng5+ Kg7 37. Nxe4 fxe4 38. Nc3 Rb3 39. Nxe4 Bb4 40. Qc2 a4 41. Nf6 Qf7 42. Bxh5 c3 43. bxc3 Rxc3 44. Qe4 Nd5 45. Bg4 Nxf6 46. exf6+ Qxf6 47. Be1 Rc4 48. Bf2 a3 49. Qd3 Rc3 50. Qe4 a2 51. Qd3 Rxd3 0-1

[Event "Zilina Region-ch"]
[Site "Zilina"]
[Date "2011.05.07"]
[Round "3"]
[White "Piovar, Jaroslav"]
[Black "Sustek, Vladimir"]
[Result "0-1"]
[WhiteElo "1628"]
[BlackElo "1950"]
[PlyCount "86"]
[EventDate "2011.05.06"]
[EventType "swiss"]
[EventRounds "7"]
[EventCountry "SVK"]
[SourceTitle "EXT 2012"]
[Source "ChessBase"]
[SourceDate "2011.11.24"]
[SourceVersion "1"]
[SourceVersionDate "2011.11.24"]
[SourceQuality "1"]

1. d4 c5 2. d5 d6 3. e4 g6 4. c4 Bg7 5. Nc3 Nf6 6. Bd3 0-0 7. Bg5 h6 8. Bh4 Nbd7 9. Nf3 a6 10. a4 g5 11. Bg3 Nh5 12. Nd2 Nxg3 13. fxg3 Ne5 14. Be2 f5 15. 0-0 fxe4 16. Ndxe4 Bf5 17. Qb3 Qd7 18. Nd2 Ng4 19. Nce4 Bd4+ 20. Kh1 Ne3 21. Rfe1 Bh7 22. Bf3 Nf5 23. Rf1 Rab8 24. Be2 e5 25. Qb6 Rbd8 26. a5 Qe7 27. Bg4 Bg6 28. Be2 Rd7 29. Ra3 Qd8 30. Rb3 Qxb6 31. Rxb6 Be3 32. Nb3 h5 33. h3 Kg7 34. Kh2 h4 35. g4 Bf4+ 36. Kg1 Ng3 37. Nxg3 hxg3 38. Bf3 e4 39. Be2 Be3+ 40. Kh1 Rxf1+ 41. Bxf1 Rf7 42. Be2 Rf2 43. Rxb7+ Kh6 0-1